Pseudo-differential operators with discontinuous symbols : widom's conjecture

Αποθηκεύτηκε σε:
Λεπτομέρειες βιβλιογραφικής εγγραφής
Κύριος συγγραφέας: Sobolev, A. V. (Aleksandr Vladimirovich)
Μορφή: Βιβλίο
Γλώσσα:English
Δημοσίευση: Providence, R. I. : American Mathematical Society, c2012.
Σειρά:Memoirs of the American Mathematical Society ; 1043
Θέματα:
Ετικέτες: Προσθήκη ετικέτας
Δεν υπάρχουν, Καταχωρήστε ετικέτα πρώτοι!

MARC

LEADER 00000nam a2200000 a 4500
001 1/108001
008 150819t2012####riu| ||| |||| ||eng||
020 |a 9780821884874 
040 |a GR-MyUa  |b gre  |c GR-MyUa  |e AACR2 
041 0 |a eng 
082 7 |a 515.7242   |2 (23)  
100 1 |a Sobolev, A. V.   |q (Aleksandr Vladimirovich) 
245 1 0 |a Pseudo-differential operators with discontinuous symbols :   |b widom's conjecture /   |c A. V. Sobolev.  
260 |a Providence, R. I. :   |b American Mathematical Society,   |c c2012.  
300 |a v, 104 σ. ;   |c 26 εκ.  
490 1 |a (Memoirs of the American Mathematical Society)   |v ; 1043 
504 |a Βιβλιογραφία: σ. 103-104. 
650 0 |a Pseudodifferential operators. 
830 0 |a Memoirs of the American Mathematical Society ;  |v 1043 
852 |a INST  |b SAMOS  |e 20150819  |h 515.7242 SOB  |p 005300042530  |q 005300042530  |t BK  |y 0 
922 |a 3ΕΛΗ  |b 201504  |c Τμήμα Μαθηματικών  |d Διαδρομές 
970 |a Κοσιέρης  |b Χρήστος  |z 19-08-2015